Kỹ thuật an toàn trong phòng thí nghiệm hóa học
محفوظ في:
| المؤلف الرئيسي: | |
|---|---|
| التنسيق: | كتاب |
| اللغة: | Undetermined |
| منشور في: |
KHKT
2001
|
| الموضوعات: | |
| الوسوم: |
إضافة وسم
لا توجد وسوم, كن أول من يضع وسما على هذه التسجيلة!
|
| Thư viện lưu trữ: | Trung tâm Học liệu Trường Đại học Cần Thơ |
|---|
| LEADER | 00568nam a2200181Ia 4500 | ||
|---|---|---|---|
| 001 | CTU_45371 | ||
| 008 | 210402s9999 xx 000 0 und d | ||
| 082 | |a 363.115421 | ||
| 082 | |b T305 | ||
| 100 | |a TRẦN KIM TIẾN | ||
| 245 | 0 | |a Kỹ thuật an toàn trong phòng thí nghiệm hóa học | |
| 245 | 0 | |c TRẦN KIM TIẾN | |
| 260 | |b KHKT | ||
| 260 | |c 2001 | ||
| 526 | |a An toàn và quản lý phòng thí nghiệm | ||
| 526 | |b TN427 | ||
| 650 | |a chemicals - safety measures | ||
| 980 | |a Trung tâm Học liệu Trường Đại học Cần Thơ | ||